Statistics for 250K+ Cities in the United States (no map)

Click here to take the quiz!

General Stats

  • This quiz has been taken 20 times
  • The average score is 74 of 89

Answer Stats

StatePopulationAnswer% Correct
Texas961,855Austin
100%
Maryland585,708Baltimore
100%
Massachusetts675,647Boston
100%
Illinois2,746,388Chicago
100%
Ohio309,317Cincinnati
100%
Texas1,304,379Dallas
100%
Nevada641,903Las Vegas
100%
California3,898,747Los Angeles
100%
Florida442,241Miami
100%
New York8,804,190New York City
100%
Oklahoma681,054Oklahoma City
100%
Florida307,573Orlando
100%
Arizona1,608,139Phoenix
100%
California1,386,932San Diego
100%
California873,965San Francisco
100%
New Mexico564,559Albuquerque
95%
Ohio372,624Cleveland
95%
Texas2,304,580Houston
95%
Indiana887,642Indianapolis
95%
Missouri508,090Kansas City
95%
Tennessee633,104Memphis
95%
Minnesota429,954Minneapolis
95%
Tennessee689,447Nashville
95%
Pennsylvania1,603,797Philadelphia
95%
Texas1,434,625San Antonio
95%
Washington737,015Seattle
95%
Florida384,959Tampa
95%
District of Colombia689,545Washington
95%
Georgia498,715Atlanta
90%
North Carolina874,579Charlotte
90%
Colorado715,522Denver
90%
Michigan639,111Detroit
90%
Florida949,611Jacksonville
90%
New Jersey311,549Newark
90%
Louisiana383,997New Orleans
90%
Pennsylvania302,971Pittsburgh
90%
Oregon652,503Portland
90%
North Carolina467,665Raleigh
90%
California1,013,240San Jose
90%
Missouri301,578St. Louis
90%
Arizona542,629Tucson
90%
Virginia459,470Virginia Beach
90%
Alaska291,247Anchorage
85%
California403,455Bakersfield
85%
New York278,349Buffalo
85%
Colorado478,961Colorado Springs
85%
Texas678,815El Paso
85%
Texas918,915Fort Worth
85%
California542,107Fresno
85%
Hawaii350,964Honolulu
85%
New Jersey292,449Jersey City
85%
Kentucky633,045Louisville
85%
Wisconsin577,222Milwaukee
85%
Nebraska486,051Omaha
85%
Oklahoma413,066Tulsa
85%
Texas317,863Corpus Christi
80%
Nebraska291,082Lincoln
80%
California440,646Oakland
80%
Nevada264,165Reno
80%
Minnesota311,527Saint Paul
80%
Puerto Rico342,259San Juan
80%
Ohio270,871Toledo
80%
Kansas397,532Wichita
80%
California346,824Anaheim
75%
North Carolina299,035Greensboro
75%
Kentucky322,570Lexington
75%
Wisconsin269,840Madison
75%
Arizona504,258Mesa
75%
Nevada262,527North Las Vegas
75%
California466,742Long Beach
70%
Flordia258,308St. Petersburg
70%
Texas394,266Arlington
65%
North Carolina283,506Durham
65%
California314,998RIverside
65%
Colorado386,261Aurora
60%
Ohio905,748Colombus
60%
Indiana263,886Fort Wayne
60%
Nevada317,610Henderson
60%
California524,943Sacramento
60%
California320,804Stockton
60%
California307,670Irvine
55%
Texas255,205Laredo
55%
Texas257,141Lubbock
55%
Texas285,494Plano
55%
California310,227Santa Ana
55%
Arizona275,987Chandler
50%
Arizona267,918Gilbert
50%
Texas256,684Irving
50%
California275,487Chula Vista
45%

Score Distribution

Percentile by Number Answered

Percent of People with Each Score

Your Score History

You have not taken this quiz